LEADER 00834nam0-22003011i-450- 001 990002010070403321 005 20040607123745.0 035 $a000201007 035 $aFED01000201007 035 $a(Aleph)000201007FED01 035 $a000201007 100 $a20030910d1941----km-y0itay50------ba 101 0 $aeng 102 $aUS 105 $ay---a---001yy 200 1 $aImmunity against animal parasites$fJames T. Culbertson 210 $aNew York$cColumbia University Press$d1941 215 $a274 p.$d23 cm 610 0 $aImmunologia$aAnimale 676 $a616.079 700 1$aCulbertson,$bJames T.$084982 801 0$aIT$bUNINA$gRICA$2UNIMARC 901 $aBK 912 $a990002010070403321 952 $a61 III D.6/04$b1890$fDAGEN 959 $aDAGEN 996 $aImmunity against animal parasites$9402490 997 $aUNINA LEADER 00856nam0-2200277 --450 001 9910919947103321 005 20250107110319.0 010 $a978-88-495-5643-8 100 $a20250107d2024----kmuy0itay5050 ba 101 0 $aita 102 $aIT 105 $a 001yy 200 1 $aElementi di arbitrato commerciale internazionale$eun'analisi comparata$fAndrea Atteritano e Giovanni Zarra 210 $aNapoli$cEdizioni scientifiche italiane$dc2024 215 $a286 p.$d24 cm 225 1 $aSerie manuali 676 $a341.522$v23$zita 700 1$aAtteritano,$bAndrea$0322625 701 1$aZarra,$bGiovanni$0752803 801 0$aIT$bUNINA$gREICAT$2UNIMARC 901 $aBK 912 $a9910919947103321 952 $aIX E 94$b2024/1930$fFGBC 959 $aFGBC 996 $aElementi di arbitrato commerciale internazionale$94299905 997 $aUNINA